[Event "FIDE Online-ch U12 Girls 2020"]
[Site "Online"]
[Date "2020.12.19"]
[Round "1.2"]
[White "Strong, Davida"]
[Black "Shvedova, Alexandra"]
[Result "1-0"]
[WhiteElo "1280"]
[BlackElo "1994"]
[Annotator "NA"]
[PlyCount "153"]
[EventDate "2020.12.18"]
[EventType "k.o."]
[EventCountry "NET"]
[SourceTitle "playchess.com"]
[Source "ChessBase"]
[SourceQuality "1"]

1. e4 {[%emt 0:00:00]} c5 {[%emt 0:00:05]} 2. Nf3 {[%emt 0:00:05]} d6 {[%emt 0:00:10]} 3. d4 {[%emt 0:00:05]} cxd4 {[%emt 0:00:04]} 4. Qxd4 {[%emt 0:00:06]} Nc6 {[%emt 0:00:15]} 5. Bb5 {[%emt 0:00:40]} Bd7 {[%emt 0:01:23]} 6. Bxc6 {[%emt 0:00:09]} Bxc6 {[%emt 0:00:03]} 7. Nc3 {[%emt 0:00:05]} Nf6 {[%emt 0:00:12]} 8. Bg5 {[%emt 0:00:09]} e5 {[%emt 0:02:24]} 9. Qd3 {[%emt 0:01:46]} Be7 {[%emt 0:00:27]} 10. O-O-O {[%emt 0:01:06]} Qa5 {[%emt 0:02:41]} 11. Kb1 {[%emt 0:01:03]} Rd8 {[%emt 0:02:40]} 12. Bxf6 {[%emt 0:03:14]} Bxf6 {[%emt 0:00:09]} 13. Nd5 {[%emt 0:00:31]} Bxd5 {[%emt 0:00:09]} 14. Qxd5 {[%emt 0:00:19]} Qxd5 {[%emt 0:00:12]} 15. Rxd5 {[%emt 0:00:05]} Be7 {[%emt 0:00:18]} 16. Rhd1 {[%emt 0:00:08]} O-O {[%emt 0:00:09]} 17. Nd2 {[%emt 0:00:14]} f5 {[%emt 0:01:19]} 18. exf5 {[%emt 0:00:56]} Rxf5 {[%emt 0:00:03]} 19. Ne4 {[%emt 0:00:13]} Kf7 {[%emt 0:00:48]} 20. f3 {[%emt 0:01:24]} Ke6 {[%emt 0:00:06]} 21. c4 {[%emt 0:01:07]} b6 {[%emt 0:01:28]} 22. b3 {[%emt 0:00:46]} g5 {[%emt 0:00:56]} 23. h3 {[%emt 0:01:05]} h5 {[%emt 0:00:22]} 24. Ng3 {[%emt 0:00:42]} Rff8 {[%emt 0:00:40]} 25. Nxh5 {[%emt 0:00:07]} Rc8 {[%emt 0:00:14]} 26. Ng3 {[%emt 0:00:15]} Rc5 {[%emt 0:00:31]} 27. Ne4 {[%emt 0:00:19]} Rxd5 {[%emt 0:00:04]} 28. Rxd5 {[%emt 0:00:06]} a6 {[%emt 0:00:14]} 29. Rd2 {[%emt 0:00:28]} b5 {[%emt 0:00:18]} 30. cxb5 {[%emt 0:00:06]} d5 {[%emt 0:00:12]} 31. Nc3 {[%emt 0:00:16]} d4 {[%emt 0:00:02]} 32. Ne4 {[%emt 0:00:09]} axb5 {[%emt 0:00:02]} 33. Kb2 {[%emt 0:00:20]} Kf5 {[%emt 0:00:18]} 34. Rc2 {[%emt 0:00:33]} Kf4 {[%emt 0:00:54]} 35. Rc7 {[%emt 0:00:36]} Bb4 {[%emt 0:00:28]} 36. a3 {[%emt 0:00:19]} Be1 {[%emt 0:00:04]} 37. Kc2 {[%emt 0:00:27]} Ke3 {[%emt 0:00:15]} 38. Rc5 {[%emt 0:00:34]} Re8 {[%emt 0:00:10]} 39. b4 {[%emt 0:00:21]} Re7 {[%emt 0:00:16]} 40. Kb3 {[%emt 0:00:12]} d3 {[%emt 0:00:04]} 41. Kb2 {[%emt 0:00:17]} d2 {[%emt 0:00:11]} 42. Nxd2 {[%emt 0:00:18]} Kxd2 {[%emt 0:00:04]} 43. Rxb5 {[%emt 0:00:04]} Bf2 {[%emt 0:00:02]} 44. Rd5+ {[%emt 0:00:08]} Bd4+ {[%emt 0:00:04]} 45. Kb3 {[%emt 0:00:08]} Rc7 {[%emt 0:00:08]} 46. b5 {[%emt 0:00:13]} Ke3 {[%emt 0:00:10]} 47. a4 {[%emt 0:00:08]} Kf2 {[%emt 0:00:07]} 48. a5 {[%emt 0:00:11]} Kxg2 {[%emt 0:00:04]} 49. b6 {[%emt 0:00:11]} Rb7 {[%emt 0:00:02]} 50. Rd6 {[%emt 0:00:05]} Kxf3 {[%emt 0:00:09]} 51. Kb4 {[%emt 0:00:05]} Bg1 {[%emt 0:00:16]} 52. Kb5 {[%emt 0:00:06]} e4 {[%emt 0:00:03]} 53. a6 {[%emt 0:00:03]} Rxb6+ {[%emt 0:00:35]} 54. Rxb6 {[%emt 0:00:04]} Bxb6 {[%emt 0:00:02]} 55. Kxb6 {[%emt 0:00:02]} e3 {[%emt 0:00:02]} 56. a7 {[%emt 0:00:01]} e2 {[%emt 0:00:02]} 57. a8=Q+ {[%emt 0:00:04]} Kg3 {[%emt 0:00:06]} 58. Qe4 {[%emt 0:00:08]} Kf2 {[%emt 0:00:07]} 59. Qc2 {[%emt 0:00:07]} Kf1 {[%emt 0:00:04]} 60. Qf5+ {[%emt 0:00:05]} Kg1 {[%emt 0:00:07]} 61. Qxg5+ {[%emt 0:00:03]} Kf2 {[%emt 0:00:01]} 62. Qf4+ {[%emt 0:00:04]} Kg2 {[%emt 0:00:02]} 63. Qe4+ {[%emt 0:00:04]} Kf2 {[%emt 0:00:02]} 64. h4 {[%emt 0:00:10]} e1=Q {[%emt 0:00:05]} 65. Qxe1+ {[%emt 0:00:03]} Kxe1 {[%emt 0:00:01]} 66. h5 {[%emt 0:00:02]} Ke2 {[%emt 0:00:01]} 67. h6 {[%emt 0:00:02]} Kd3 {[%emt 0:00:02]} 68. h7 {[%emt 0:00:01]} Kc4 {[%emt 0:00:03]} 69. h8=Q {[%emt 0:00:03]} Kd5 {[%emt 0:00:02]} 70. Qh6 {[%emt 0:00:03]} Kc4 {[%emt 0:00:02]} 71. Qg5 {[%emt 0:00:03]} Kb4 {[%emt 0:00:01]} 72. Qc5+ {[%emt 0:00:04]} Ka4 {[%emt 0:00:03]} 73. Qc1 {[%emt 0:00:07]} Kb4 {[%emt 0:00:02]} 74. Qc2 {[%emt 0:00:05]} Ka3 {[%emt 0:00:03]} 75. Qb1 {[%emt 0:00:07]} Ka4 {[%emt 0:00:01]} 76. Kc5 {[%emt 0:00:02]} Ka5 {[%emt 0:00:03]} 77. Qb5# {[%emt 0:00:02]} 1-0

[Event "FIDE Online-ch U12 Girls 2020"]
[Site "Online"]
[Date "2020.12.19"]
[Round "1.3"]
[White "Lee, Alice"]
[Black "Unurzul, Davaakhuu"]
[Result "1-0"]
[WhiteElo "1967"]
[BlackElo "1462"]
[Annotator "NA"]
[PlyCount "83"]
[EventDate "2020.12.18"]
[EventType "k.o."]
[EventCountry "NET"]
[SourceTitle "playchess.com"]
[Source "ChessBase"]
[SourceQuality "1"]

1. d4 {[%emt 0:00:00]} Nf6 {[%emt 0:00:03]} 2. c4 {[%emt 0:00:02]} g6 {[%emt 0:00:03]} 3. Nc3 {[%emt 0:00:02]} d5 {[%emt 0:00:02]} 4. Nf3 {[%emt 0:00:02]} Bg7 {[%emt 0:00:04]} 5. Qb3 {[%emt 0:00:02]} c6 {[%emt 0:00:18]} 6. cxd5 {[%emt 0:00:07]} Nxd5 {[%emt 0:00:16]} 7. e4 {[%emt 0:00:46]} Nxc3 {[%emt 0:00:03]} 8. bxc3 {[%emt 0:00:08]} O-O {[%emt 0:00:02]} 9. Be2 {[%emt 0:00:22]} Nd7 {[%emt 0:00:26]} 10. O-O {[%emt 0:00:23]} Nb6 {[%emt 0:00:12]} 11. Bf4 {[%emt 0:00:49]} Be6 {[%emt 0:00:05]} 12. Qc2 {[%emt 0:01:05]} f5 {[%emt 0:01:28]} 13. Ng5 {[%emt 0:00:59]} Qd7 {[%emt 0:01:39]} 14. Nxe6 {[%emt 0:00:30]} Qxe6 {[%emt 0:00:03]} 15. e5 {[%emt 0:01:18]} Nd5 {[%emt 0:00:53]} 16. Bd2 {[%emt 0:00:06]} c5 {[%emt 0:00:44]} 17. f4 {[%emt 0:00:46]} cxd4 {[%emt 0:00:12]} 18. cxd4 {[%emt 0:00:05]} Qb6 {[%emt 0:00:14]} 19. Qc4 {[%emt 0:01:02]} e6 {[%emt 0:00:05]} 20. Rab1 {[%emt 0:00:28]} Qd8 {[%emt 0:01:46]} 21. Bf3 {[%emt 0:01:30]} Rc8 {[%emt 0:00:11]} 22. Qb3 {[%emt 0:00:05]} b6 {[%emt 0:00:59]} 23. Bxd5 {[%emt 0:00:10]} exd5 {[%emt 0:00:06]} 24. Rbc1 {[%emt 0:00:23]} Qd7 {[%emt 0:01:06]} 25. Bb4 {[%emt 0:00:37]} Rfd8 {[%emt 0:00:32]} 26. Bd6 {[%emt 0:00:52]} Rc6 {[%emt 0:00:14]} 27. Qxd5+ {[%emt 0:00:06]} Kh8 {[%emt 0:00:26]} 28. Qxc6 {[%emt 0:00:02]} Qe6 {[%emt 0:00:16]} 29. Bc7 {[%emt 0:00:13]} Qxc6 {[%emt 0:00:06]} 30. Rxc6 {[%emt 0:00:03]} Rxd4 {[%emt 0:00:04]} 31. Bxb6 {[%emt 0:00:03]} axb6 {[%emt 0:00:22]} 32. Rc8+ {[%emt 0:00:02]} Bf8 {[%emt 0:00:04]} 33. Rxf8+ {[%emt 0:00:01]} Kg7 {[%emt 0:00:01]} 34. Rb8 {[%emt 0:00:02]} Rb4 {[%emt 0:00:03]} 35. e6 {[%emt 0:00:02]} Kf6 {[%emt 0:00:04]} 36. Re1 {[%emt 0:00:03]} Ke7 {[%emt 0:00:03]} 37. Rb7+ {[%emt 0:00:01]} Ke8 {[%emt 0:00:01]} 38. e7 {[%emt 0:00:01]} Re4 {[%emt 0:00:07]} 39. Rxe4 {[%emt 0:00:04]} fxe4 {[%emt 0:00:02]} 40. Kf2 {[%emt 0:00:01]} b5 {[%emt 0:00:04]} 41. Ke3 {[%emt 0:00:02]} b4 {[%emt 0:00:04]} 42. Kxe4 {[%emt 0:00:01]} 1-0

[Event "FIDE Online-ch U12 Girls 2020"]
[Site "Online"]
[Date "2020.12.19"]
[Round "1.3"]
[White "Kirtadze, Anastasia"]
[Black "Maria, Lia-Alexandra"]
[Result "1-0"]
[WhiteElo "1810"]
[BlackElo "1713"]
[Annotator "NA RC"]
[PlyCount "107"]
[EventDate "2020.12.18"]
[EventType "k.o."]
[EventCountry "NET"]
[SourceTitle "playchess.com"]
[Source "ChessBase"]
[SourceQuality "1"]

1. e4 {[%emt 0:10:16]} c5 {[%emt 0:11:12]} 2. Ne2 {[%emt 0:00:12]} d6 {[%emt 0:00:13]} 3. g3 {[%emt 0:00:14]} Nf6 {[%emt 0:00:11]} 4. Bg2 {[%emt 0:00:11]} g6 {[%emt 0:00:12]} 5. O-O {[%emt 0:00:16]} Bg7 {[%emt 0:00:12]} 6. c3 {[%emt 0:00:11]} O-O {[%emt 0:00:12]} 7. d4 {[%emt 0:00:12]} Nbd7 {[%emt 0:00:12]} 8. h3 {[%emt 0:00:20]} Rb8 {[%emt 0:00:13]} 9. Be3 {[%emt 0:00:22]} b6 {[%emt 0:00:13]} 10. Nd2 {[%emt 0:00:18]} Bb7 {[%emt 0:00:12]} 11. d5 {[%emt 0:00:56]} Rc8 {[%emt 0:00:14]} 12. c4 {[%emt 0:00:20]} h6 {[%emt 0:00:16]} 13. f4 {[%emt 0:00:17]} Kh7 {[%emt 0:00:13]} 14. Rb1 {[%emt 0:00:21]} a6 {[%emt 0:00:13]} 15. a4 {[%emt 0:00:18]} Qc7 {[%emt 0:00:29]} 16. Nc3 {[%emt 0:00:12]} e6 {[%emt 0:00:17]} 17. Nf3 {[%emt 0:00:14]} exd5 {[%emt 0:00:16]} 18. exd5 {[%emt 0:00:13]} Rce8 {[%emt 0:00:13]} 19. Bf2 {[%emt 0:00:12]} Re7 {[%emt 0:00:18]} 20. Qc2 {[%emt 0:00:13]} Rfe8 {[%emt 0:00:14]} 21. f5 {[%emt 0:00:19]} Ne5 {[%emt 0:00:27]} 22. fxg6+ {[%emt 0:00:18]} fxg6 {[%emt 0:00:17]} 23. Nh4 {[%emt 0:00:19]} Rg8 {[%emt 0:00:26]} 24. Ne4 {[%emt 0:00:12]} Nxe4 {[%emt 0:00:18]} 25. Bxe4 {[%emt 0:00:12]} Bf6 {[%emt 0:00:14]} 26. Ng2 {[%emt 0:00:16]} Rge8 {[%emt 0:00:26]} 27. Rbe1 {[%emt 0:00:16]} Qd7 {[%emt 0:00:16]} 28. Nf4 {[%emt 0:00:13]} Rg8 {[%emt 0:00:17]} 29. h4 {[%emt 0:00:14]} Qg4 {[%emt 0:00:20]} 30. h5 {[%emt 0:00:18]} Reg7 {[%emt 0:00:14]} 31. Nxg6 {[%emt 0:00:16]} Nxg6 {[%emt 0:00:12]} 32. Bxg6+ {[%emt 0:00:13]} Rxg6 {[%emt 0:00:14]} 33. hxg6+ {[%emt 0:00:12]} Rxg6 {[%emt 0:00:11]} 34. Re8 {[%emt 0:00:12]} Qh3 {[%emt 0:00:21]} 35. Rg8 {[%emt 0:00:21]} Qh5 {[%emt 0:00:13]} 36. Rxg6 {[%emt 0:00:13]} Qxg6 {[%emt 0:00:12]} 37. Qxg6+ {[%emt 0:00:13]} Kxg6 {[%emt 0:00:11]} 38. b3 {[%emt 0:00:12]} Bc8 {[%emt 0:00:11]} 39. Re1 {[%emt 0:00:14]} Bd7 {[%emt 0:00:13]} 40. Kg2 {[%emt 0:00:13]} h5 {[%emt 0:00:12]} 41. Be3 {[%emt 0:00:12]} Kf5 {[%emt 0:00:11]} 42. Bf4 {[%emt 0:00:12]} Be5 {[%emt 0:00:13]} 43. Bxe5 {[%emt 0:00:12]} dxe5 {[%emt 0:00:12]} 44. Rh1 {[%emt 0:00:14]} Be8 {[%emt 0:00:12]} 45. Rh4 {[%emt 0:00:12]} e4 {[%emt 0:00:13]} 46. Kf2 {[%emt 0:00:12]} Bg6 {[%emt 0:00:12]} 47. Ke3 {[%emt 0:00:13]} Ke5 {[%emt 0:00:12]} 48. Rf4 {[%emt 0:00:11]} Be8 {[%emt 0:00:14]} 49. Rf8 {[%emt 0:00:12]} Bg6 {[%emt 0:00:11]} 50. Rb8 {[%emt 0:00:12]} Kf5 {[%emt 0:00:12]} 51. Rxb6 {[%emt 0:00:11]} Be8 {[%emt 0:00:13]} 52. d6 {[%emt 0:00:16]} Kg4 {[%emt 0:00:13]} 53. Rb8 {[%emt 0:00:11]} Kxg3 {[%emt 0:00:11]} 54. Rxe8 {[%emt 0:00:12]} 1-0

[Event "FIDE Online-ch U12 Girls 2020"]
[Site "Online"]
[Date "2020.12.19"]
[Round "1.4"]
[White "Romany, Joy"]
[Black "Tang, Zoey"]
[Result "0-1"]
[WhiteElo "1482"]
[BlackElo "1871"]
[Annotator "NA"]
[PlyCount "140"]
[EventDate "2020.12.18"]
[EventType "k.o."]
[EventCountry "NET"]
[SourceTitle "playchess.com"]
[Source "ChessBase"]
[SourceQuality "1"]

1. d4 {[%emt 0:00:00]} Nf6 {[%emt 0:00:03]} 2. c4 {[%emt 0:00:04]} g6 {[%emt 0:00:01]} 3. Nc3 {[%emt 0:00:04]} Bg7 {[%emt 0:00:02]} 4. e4 {[%emt 0:00:03]} d6 {[%emt 0:00:01]} 5. Be2 {[%emt 0:00:04]} O-O {[%emt 0:00:07]} 6. Bg5 {[%emt 0:00:03]} c5 {[%emt 0:00:28]} 7. d5 {[%emt 0:00:10]} e6 {[%emt 0:00:25]} 8. Nf3 {[%emt 0:00:24]} exd5 {[%emt 0:00:43]} 9. exd5 {[%emt 0:00:04]} Re8 {[%emt 0:00:17]} 10. O-O {[%emt 0:00:08]} a6 {[%emt 0:00:09]} 11. Qd2 {[%emt 0:00:35]} Bf5 {[%emt 0:00:35]} 12. Nh4 {[%emt 0:00:41]} Bd7 {[%emt 0:00:56]} 13. Bd3 {[%emt 0:00:30]} Qc7 {[%emt 0:02:16]} 14. Rfe1 {[%emt 0:00:36]} b6 {[%emt 0:00:50]} 15. Qf4 {[%emt 0:01:31]} Nh5 {[%emt 0:00:47]} 16. Qd2 {[%emt 0:00:10]} Bh8 {[%emt 0:02:07]} 17. Be2 {[%emt 0:00:26]} Ng7 {[%emt 0:00:33]} 18. a4 {[%emt 0:00:30]} a5 {[%emt 0:00:33]} 19. Nb5 {[%emt 0:01:03]} Bxb5 {[%emt 0:00:07]} 20. axb5 {[%emt 0:00:14]} Nd7 {[%emt 0:00:04]} 21. Nf3 {[%emt 0:01:14]} Nf5 {[%emt 0:00:33]} 22. Bd3 {[%emt 0:00:47]} Nd4 {[%emt 0:01:36]} 23. Nxd4 {[%emt 0:00:50]} Bxd4 {[%emt 0:00:02]} 24. Rab1 {[%emt 0:01:17]} Ne5 {[%emt 0:00:34]} 25. Be2 {[%emt 0:01:39]} Qd7 {[%emt 0:00:21]} 26. h3 {[%emt 0:01:12]} a4 {[%emt 0:01:34]} 27. Ra1 {[%emt 0:02:26]} a3 {[%emt 0:00:31]} 28. Rxa3 {[%emt 0:00:15]} Rxa3 {[%emt 0:00:02]} 29. bxa3 {[%emt 0:00:08]} Ra8 {[%emt 0:00:02]} 30. Kf1 {[%emt 0:01:06]} Rxa3 {[%emt 0:00:50]} 31. Rc1 {[%emt 0:00:48]} Qf5 {[%emt 0:01:50]} 32. Qf4 {[%emt 0:00:26]} Qxf4 {[%emt 0:00:20]} 33. Bxf4 {[%emt 0:00:03]} Kf8 {[%emt 0:00:03]} 34. Ke1 {[%emt 0:00:18]} Ke7 {[%emt 0:00:05]} 35. Bd2 {[%emt 0:00:20]} f5 {[%emt 0:00:21]} 36. f4 {[%emt 0:00:10]} Nd3+ {[%emt 0:00:04]} 37. Bxd3 {[%emt 0:00:12]} Rxd3 {[%emt 0:00:01]} 38. Ke2 {[%emt 0:00:11]} Ra3 {[%emt 0:00:03]} 39. Kf1 {[%emt 0:00:12]} Kd7 {[%emt 0:00:08]} 40. Ke2 {[%emt 0:00:06]} Ra2 {[%emt 0:00:04]} 41. Kd3 {[%emt 0:00:13]} Ra3+ {[%emt 0:00:13]} 42. Ke2 {[%emt 0:00:05]} Bf6 {[%emt 0:00:20]} 43. Be3 {[%emt 0:00:17]} Bh4 {[%emt 0:00:13]} 44. Kf3 {[%emt 0:00:11]} g5 {[%emt 0:00:11]} 45. fxg5 {[%emt 0:00:27]} Bxg5 {[%emt 0:00:03]} 46. Re1 {[%emt 0:00:02]} f4 {[%emt 0:00:05]} 47. h4 {[%emt 0:00:07]} Bh6 {[%emt 0:00:04]} 48. g4 {[%emt 0:00:14]} Rxe3+ {[%emt 0:00:07]} 49. Rxe3 {[%emt 0:00:05]} fxe3 {[%emt 0:00:01]} 50. g5 {[%emt 0:00:02]} Bg7 {[%emt 0:00:02]} 51. Kxe3 {[%emt 0:00:02]} Ke7 {[%emt 0:00:03]} 52. Ke4 {[%emt 0:00:03]} Be5 {[%emt 0:00:29]} 53. Kf5 {[%emt 0:00:04]} Kf7 {[%emt 0:00:02]} 54. h5 {[%emt 0:00:04]} Bd4 {[%emt 0:00:18]} 55. Ke4 {[%emt 0:00:14]} Bb2 {[%emt 0:00:08]} 56. Kf5 {[%emt 0:00:03]} Bh8 {[%emt 0:00:27]} 57. Kf4 {[%emt 0:00:08]} h6 {[%emt 0:00:16]} 58. gxh6 {[%emt 0:00:22]} Kf6 {[%emt 0:00:03]} 59. h7 {[%emt 0:00:04]} Bg7 {[%emt 0:00:11]} 60. h6 {[%emt 0:00:11]} Bxh6+ {[%emt 0:00:09]} 61. Ke4 {[%emt 0:00:06]} Bg7 {[%emt 0:00:04]} 62. Kf4 {[%emt 0:00:05]} Bh8 {[%emt 0:00:01]} 63. Ke4 {[%emt 0:00:03]} Kg5 {[%emt 0:00:05]} 64. Ke3 {[%emt 0:00:09]} Kf5 {[%emt 0:00:06]} 65. Kf3 {[%emt 0:00:02]} Ke5 {[%emt 0:00:02]} 66. Ke3 {[%emt 0:00:03]} Bg7 {[%emt 0:00:01]} 67. Kd3 {[%emt 0:00:04]} Kf4 {[%emt 0:00:03]} 68. Kd2 {[%emt 0:00:10]} Ke4 {[%emt 0:00:03]} 69. Kc2 {[%emt 0:00:04]} Kd4 {[%emt 0:00:02]} 70. Kb3 {[%emt 0:00:03]} Kd3 {[%emt 0:00:01]} 0-1

[Event "FIDE Online-ch U12 Girls 2020"]
[Site "Online"]
[Date "2020.12.19"]
[Round "1.5"]
[White "Huang, Wendy"]
[Black "Velea, Sophie"]
[Result "1-0"]
[WhiteElo "1860"]
[BlackElo "1643"]
[Annotator "NA"]
[PlyCount "139"]
[EventDate "2020.12.18"]
[EventType "k.o."]
[EventCountry "NET"]
[SourceTitle "playchess.com"]
[Source "ChessBase"]
[SourceQuality "1"]

1. e4 {[%emt 0:00:00]} c5 {[%emt 0:00:05]} 2. Nf3 {[%emt 0:00:03]} d6 {[%emt 0:00:10]} 3. d4 {[%emt 0:00:02]} cxd4 {[%emt 0:00:04]} 4. Nxd4 {[%emt 0:00:03]} Nf6 {[%emt 0:00:06]} 5. Nc3 {[%emt 0:00:02]} g6 {[%emt 0:00:03]} 6. Be2 {[%emt 0:00:04]} Bg7 {[%emt 0:00:05]} 7. O-O {[%emt 0:00:08]} O-O {[%emt 0:00:04]} 8. Re1 {[%emt 0:00:06]} Nc6 {[%emt 0:00:35]} 9. Nb3 {[%emt 0:00:10]} Be6 {[%emt 0:02:39]} 10. Bf1 {[%emt 0:00:34]} Bxb3 {[%emt 0:01:13]} 11. axb3 {[%emt 0:00:34]} Nd7 {[%emt 0:00:43]} 12. Nd5 {[%emt 0:01:09]} Nb6 {[%emt 0:00:59]} 13. c3 {[%emt 0:00:38]} a6 {[%emt 0:01:39]} 14. Be3 {[%emt 0:01:08]} Nxd5 {[%emt 0:00:11]} 15. exd5 {[%emt 0:00:11]} Ne5 {[%emt 0:00:11]} 16. h3 {[%emt 0:00:39]} Re8 {[%emt 0:00:57]} 17. Qd2 {[%emt 0:00:43]} Qc7 {[%emt 0:00:18]} 18. Rad1 {[%emt 0:00:41]} Rac8 {[%emt 0:00:12]} 19. Bd4 {[%emt 0:00:49]} Nd7 {[%emt 0:00:55]} 20. Bxg7 {[%emt 0:00:25]} Kxg7 {[%emt 0:00:03]} 21. Qd4+ {[%emt 0:00:09]} Nf6 {[%emt 0:00:19]} 22. b4 {[%emt 0:00:42]} b5 {[%emt 0:01:05]} 23. Ra1 {[%emt 0:01:04]} Qb7 {[%emt 0:00:19]} 24. Red1 {[%emt 0:00:26]} Kg8 {[%emt 0:00:12]} 25. Be2 {[%emt 0:00:54]} Rc7 {[%emt 0:00:26]} 26. Bf3 {[%emt 0:00:39]} Rec8 {[%emt 0:00:28]} 27. Ra5 {[%emt 0:00:47]} Rc4 {[%emt 0:00:44]} 28. Qe3 {[%emt 0:00:28]} Ra8 {[%emt 0:00:30]} 29. Rda1 {[%emt 0:00:50]} Rcc8 {[%emt 0:00:12]} 30. g3 {[%emt 0:01:08]} Re8 {[%emt 0:00:19]} 31. Qd3 {[%emt 0:00:16]} Nd7 {[%emt 0:00:26]} 32. Kg2 {[%emt 0:00:49]} Ne5 {[%emt 0:00:07]} 33. Qe2 {[%emt 0:00:12]} Nc4 {[%emt 0:00:42]} 34. R5a2 {[%emt 0:00:06]} Nb6 {[%emt 0:00:28]} 35. Qd3 {[%emt 0:00:14]} Nc4 {[%emt 0:00:09]} 36. h4 {[%emt 0:00:31]} Ne5 {[%emt 0:00:14]} 37. Qe2 {[%emt 0:00:11]} Nxf3 {[%emt 0:00:06]} 38. Qxf3 {[%emt 0:00:02]} Kg7 {[%emt 0:00:46]} 39. h5 {[%emt 0:00:24]} Qb6 {[%emt 0:00:58]} 40. Rh1 {[%emt 0:00:23]} a5 {[%emt 0:00:51]} 41. Qf4 {[%emt 0:01:09]} Rh8 {[%emt 0:00:54]} 42. bxa5 {[%emt 0:00:27]} Qc5 {[%emt 0:00:14]} 43. h6+ {[%emt 0:00:11]} Kf8 {[%emt 0:00:04]} 44. Qe4 {[%emt 0:00:18]} Ra7 {[%emt 0:00:16]} 45. Re1 {[%emt 0:00:24]} Ke8 {[%emt 0:00:06]} 46. Re3 {[%emt 0:00:25]} Kd8 {[%emt 0:00:15]} 47. b4 {[%emt 0:00:12]} Qc7 {[%emt 0:00:04]} 48. Qd3 {[%emt 0:00:13]} Qb7 {[%emt 0:00:16]} 49. Rd2 {[%emt 0:00:29]} Kd7 {[%emt 0:00:14]} 50. Qe4 {[%emt 0:00:16]} Re8 {[%emt 0:00:09]} 51. Kh2 {[%emt 0:00:13]} Kd8 {[%emt 0:00:06]} 52. Qd4 {[%emt 0:00:07]} Qc7 {[%emt 0:00:07]} 53. Qg7 {[%emt 0:00:19]} f6 {[%emt 0:00:16]} 54. Qxh7 {[%emt 0:00:13]} g5 {[%emt 0:00:05]} 55. Qg7 {[%emt 0:00:12]} Kd7 {[%emt 0:00:12]} 56. Rde2 {[%emt 0:00:11]} Kc8 {[%emt 0:00:10]} 57. h7 {[%emt 0:00:17]} Qd8 {[%emt 0:00:04]} 58. Kg2 {[%emt 0:00:07]} Kb8 {[%emt 0:00:06]} 59. Re1 {[%emt 0:00:07]} e5 {[%emt 0:00:11]} 60. Qg6 {[%emt 0:00:15]} Qe7 {[%emt 0:00:07]} 61. Rh1 {[%emt 0:00:06]} Rh8 {[%emt 0:00:10]} 62. Qg8+ {[%emt 0:00:09]} Qf8 {[%emt 0:00:23]} 63. Qxf8+ {[%emt 0:00:02]} Rxf8 {[%emt 0:00:03]} 64. h8=Q {[%emt 0:00:03]} Rxh8 {[%emt 0:00:02]} 65. Rxh8+ {[%emt 0:00:02]} Kb7 {[%emt 0:00:02]} 66. Rh7+ {[%emt 0:00:01]} Ka6 {[%emt 0:00:02]} 67. Rxa7+ {[%emt 0:00:02]} Kxa7 {[%emt 0:00:01]} 68. Rf3 {[%emt 0:00:01]} f5 {[%emt 0:00:08]} 69. Rxf5 {[%emt 0:00:02]} Kb7 {[%emt 0:00:03]} 70. Rxg5 {[%emt 0:00:01]} 1-0